La tierra y el hombre en Extremo Oriente / (Record no. 98424)

MARC details
000 -LEADER
campo de control de longitud fija 01025nam a2200289 i 4500
001 - NÚMERO DE CONTROL
campo de control 98424
003 - IDENTIFICADOR DE NÚMERO DE CONTROL
campo de control ES-MaACL
005 - FECHA Y HORA DE LA ÚLTIMA TRANSACCIÓN
campo de control 20250814074354.0
007 - CAMPO FIJO DE DESCRIPCIÓN FÍSICA--INFORMACIÓN GENERAL
campo de control de longitud fija t|
008 - DATOS DE LONGITUD FIJA--INFORMACIÓN GENERAL
campo de control de longitud fija 050826s1967 sp ||||1| spa d
080 ## - NÚMERO DE LA CLASIFICACIÓN DECIMAL UNIVERSAL
Número de la Clasificación Decimal Universal 915-012(02)
080 ## - NÚMERO DE LA CLASIFICACIÓN DECIMAL UNIVERSAL
Número de la Clasificación Decimal Universal 338(5-012)"1961/..."
080 ## - NÚMERO DE LA CLASIFICACIÓN DECIMAL UNIVERSAL
Número de la Clasificación Decimal Universal 308(5-012)"1961/..."
100 1# - ENTRADA PRINCIPAL--NOMBRE DE PERSONA
Nombre de persona Gourou, Pierre.
9 (RLIN) 59364
245 13 - MENCIÓN DEL TÍTULO
Título La tierra y el hombre en Extremo Oriente /
Mención de responsabilidad, etc. Pierre Gourou ; [traducido por C. del Pozo y A. Echevarria].
260 ## - PUBLICACIÓN, DISTRIBUCIÓN, ETC.
Lugar de publicación, distribución, etc. Bilbao :
Nombre del editor, distribuidor, etc. Moreton,
Fecha de publicación, distribución, etc. [1967]
300 ## - DESCRIPCIÓN FÍSICA
Extensión 182 p., 14 lám. ;
Dimensiones 16 cm.
490 1# - MENCIÓN DE SERIE
Mención de serie Panoramas de la Geografía Universal ;
Designación de volumen o secuencia 10
651 #4 - PUNTO DE ACCESO ADICIONAL DE MATERIA--NOMBRE GEOGRÁFICO
Nombre geográfico Extremo Oriente-
Subdivisión general Geografía.
9 (RLIN) 8648
651 #4 - PUNTO DE ACCESO ADICIONAL DE MATERIA--NOMBRE GEOGRÁFICO
Nombre geográfico Extremo Oriente-
Subdivisión general Situación económica-
Subdivisión cronológica 1961-
9 (RLIN) 8649
651 #4 - PUNTO DE ACCESO ADICIONAL DE MATERIA--NOMBRE GEOGRÁFICO
Nombre geográfico Extremo Oriente-
Subdivisión general Situación social-
Subdivisión cronológica 1961-
9 (RLIN) 8650
700 1# - ENTRADA AGREGADA--NOMBRE PERSONAL
Nombre de persona Pozo, Carlos del.
9 (RLIN) 93535
700 1# - ENTRADA AGREGADA--NOMBRE PERSONAL
Nombre de persona Echevarría Pagola, Abilio.
9 (RLIN) 46562
830 00 - PUNTO DE ACCESO ADICIONAL DE SERIE-TÍTULO UNIFORME
Título uniforme Panoramas de la geografía universal
Designación de volumen o secuencia 10
9 (RLIN) 232333
852 ## - LOCALIZACIÓN
Ubicación ES-MaACL
Número de control de estantería P-1407
Sublocalización o colección R.68289
Holdings
Estatus retirado Estado de pérdida Estado de daño No para préstamo Biblioteca de origen Biblioteca actual Ubicación en estantería Fecha de adquisición Fuente de adquisición Total de préstamos Signatura topográfica completa Código de barras Visto por última vez Precio de reemplazo Tipo de ítem Koha
        Biblioteca del Ateneo de Madrid Biblioteca del Ateneo de Madrid Depósito 2 17/01/2008     P-1407 1102747 23/02/2023 23/02/2023 Libro impreso